| 000 | 00532nam a2200193 a 4500 | ||
|---|---|---|---|
| 001 | 1286 | ||
| 003 | CDMR | ||
| 005 | 20131105163243.0 | ||
| 008 | 130130s2003||||||||||||||||||||||||||||d | ||
| 020 | _a8497415280 | ||
| 040 |
_aCDMR _bcat _cCDMR |
||
| 100 | 1 |
_aFerreres, Miquel _91000 |
|
| 245 | 1 | 0 |
_aFerreres _b: los mejores dibujos publicados en El Periódico 2003 |
| 260 |
_aBarcelona _c2003 _bEl Jueves Ediciones |
||
| 300 |
_a111 p. _bil. b/n |
||
| 490 | 0 |
_aHumor del Día _v4 |
|
| 650 | 0 | 4 |
_93084 _aHumorisme gràfic |
| 942 |
_cMON _2udc |
||
| 999 |
_c1286 _d1286 |
||